000 00253nam a2200109Ia 4500
008 220204s9999 xx 000 0 und d
082 _a331.1
_bOHI
100 _aOHIGGINS, Paul
245 0 _aWorkers' rights
260 _aLondon
_bArrow
_c1976
942 _cBK
999 _c32811
_d32811